| 000 | 00546nam a2200181 a 4500 | ||
|---|---|---|---|
| 005 | 20210223125027.0 | ||
| 008 | 030623s1976 mx r 000 0 spa d | ||
| 035 | _aUPN01000126614 | ||
| 049 | _aSEP | ||
| 050 | 4 |
_aAC75 _bS4 no.283 |
|
| 100 | 1 | _aMoyano Pahissa, Angela | |
| 245 | 1 | 3 |
_aEl comercio de Santa Fe y la guerra del '47 / _cAngela Moyano Pahissa. |
| 260 |
_aMéxico : _bSEP, _c1976. |
||
| 300 | _a175 p. | ||
| 440 | 0 |
_aSepSetentas ; _v283 |
|
| 651 | 4 |
_aESTADOS UNIDOS - _xHISTORIA - _yGUERRA CON MEXICO, 1846-1848 _923767 |
|
| 905 | _aLibro | ||
| 999 |
_c98793 _d98793 |
||